| 000 | 00585nam a2200217Ia 4500 | ||
|---|---|---|---|
| 003 | OSt | ||
| 005 | 20250813180506.0 | ||
| 008 | 210423s1993 xx 000 0 und d | ||
| 040 | _cAL | ||
| 041 | _aKannada | ||
| 082 |
_a320.80954K _bHOSK |
||
| 100 |
_aAshoka Hosur _9115626 |
||
| 245 | _aKarnataka panchayat raj adhiniyama 1993 | ||
| 260 |
_aGadag _bMaruthi Prakashan _c1993 |
||
| 365 |
_b70 _cINR |
||
| 440 | _v2 | ||
| 650 |
_aLocal Government _9115627 |
||
| 650 |
_aPolitical Science _9115628 |
||
| 906 | _a1993 ; adhiniyama ; Karnataka ; panchayat ; raj | ||
| 942 |
_2ddc _cBK |
||
| 999 |
_c173516 _d173516 |
||